| 000 | 00619nam a22001937a 4500 | ||
|---|---|---|---|
| 999 |
_c20128 _d20128 |
||
| 003 | AR-CdUCM | ||
| 008 | 190527b ||||| |||| 00| 0 spa d | ||
| 040 |
_aMUNICIPALIDAD PROVINCIAL DEL CUSCO _cBIBLIOTECA MUNICIPAL DEL CUSCO |
||
| 082 |
_a869.56 / _bF38 |
||
| 100 |
_aFerrando, Jose _942099 |
||
| 245 | _aPanorama hacia el alba / | ||
| 260 |
_aLima : _bJuan Mejia Baca, _c1958. |
||
| 300 |
_a195 páginas ; _c20 cm. |
||
| 505 | _aContenido : Jose Ferrando -- Como un caballo pica -- Puerto de noche -- Flor de capuli... | ||
| 650 |
_aLiteratura _983 |
||
| 650 |
_aNovela _95 |
||
| 942 |
_2ddc _cLIBROS |
||
| 945 | _arcc | ||